000 00486nam a2200193Ia 4500
005 20260429111910.0
008 260429s9999||||xx |||||||||||||| ||und||
020 _a9788198094568
041 _aEnglish
082 _a346.066
_bREV
100 _aRevathy, B.
245 0 _aCompany law /
_cB. Revathy
260 _aChennai :
_bNational Academic Press,
_c2025.
300 _aiv, 199 p.; hb
650 _a Company law
650 _aPrivate law
700 _a Soumya, S.
942 _cTB
999 _c51331
_d51331